Precalculus algebra and trigonometry

Bibliographic Details
Main Author: Ross, Sharon Cutler
Other Authors: Boyd, Linda Hawkins
Format: Book
Published: California : Brooks/Cole Publishing , 1991
Subjects:

MARC

LEADER 00000cam a2200000 7i4500
001 0000004902
002 000005286
005 20000330.0
020 |a 0534145507 
090 0 0 |a 512.13   |b ROS 
100 1 |a Ross, Sharon Cutler 
245 1 0 |a Precalculus algebra and trigonometry   |c Sharon Cutler Ross, Linda Hawkins Boyd 
260 |a California :   |b Brooks/Cole Publishing ,   |c 1991 
300 |a 481p. ;   |c 23cm. 
650 0 0 |a Algebra 
650 0 0 |a Trigonometry 
700 1 |a Boyd, Linda Hawkins 
999 |a 037643   |b BUKU   |c PINJAMAN   |e PERPUSTAKAAN KOMUNITI PETALING JAYA